[Event "Andranik Margaryan Mem"]
[Site "Yerevan ARM"]
[Date "2018.01.13"]
[Round "5.3"]
[White "Minasian, Artashes"]
[Black "Maghsoodloo, Parham"]
[Result "0-1"]
[WhiteTitle "GM"]
[BlackTitle "GM"]
[WhiteElo "2484"]
[BlackElo "2572"]
[WhiteFideId "13300040"]
[BlackFideId "12539929"]
[EventDate "2018.01.09"]

1. e4 g6 2. d4 Bg7 3. Nc3 d6 4. g3 a6 5. Bg2 Nf6 6. Nge2 O-O 7. O-O Nbd7 8. a4
e5 9. h3 b6 10. Be3 Bb7 11. d5 a5 12. g4 Ba6 13. Nb5 Nc5 14. Nec3 Bxb5 15. axb5
h5 16. f3 hxg4 17. fxg4 Nh7 18. Qd2 Bf6 19. Kf2 Bg5 20. Bxg5 Qxg5 21. Qxg5 Nxg5
22. Kg3 Kg7 23. h4 Nh7 24. Rf2 Nf6 25. Raf1 Nfd7 26. b3 f6 27. Bh3 Kf7 28. g5
Kg7 29. Rf3 fxg5 30. hxg5 Rxf3+ 31. Rxf3 Nf8 32. Kh4 Re8 33. Bg4 Nb7 34. Nd1 Nh7
35. Nc3 Rh8 36. Be6 Nd8 37. Kg4 Nf8 38. Bc8 Rh2 39. Nd1 Rxc2 40. Nf2 Rc1 41. Kh4
Nh7 42. Be6 Kh8 43. Bh3 Kg7 44. Be6 Rf1 45. Rc3 Rxf2 46. Rxc7+ Nf7 47. Rb7 Nxg5
48. Rxb6 Rf4+ 0-1

[Event "Andranik Margaryan Mem"]
[Site "Yerevan ARM"]
[Date "2018.01.13"]
[Round "5.4"]
[White "Vetoshko, Volodymyr"]
[Black "Mikaelyan, Arman"]
[Result "1/2-1/2"]
[WhiteTitle "GM"]
[BlackTitle "GM"]
[WhiteElo "2534"]
[BlackElo "2495"]
[WhiteFideId "14122480"]
[BlackFideId "13304852"]
[EventDate "2018.01.09"]

1. e4 e5 2. Nf3 Nc6 3. d4 exd4 4. Nxd4 Bc5 5. Nxc6 Qf6 6. Qf3 Qxf3 7. gxf3 bxc6
8. Nd2 Ne7 9. Nb3 Bb6 10. a4 a5 11. Be3 Bxe3 12. fxe3 d6 13. O-O-O O-O 14. Rg1
Be6 15. Nd4 Bd7 16. f4 Nc8 17. e5 Nb6 18. exd6 cxd6 19. Nb3 d5 20. Nc5 Bf5 21.
Bd3 Nd7 22. Nxd7 Bxd7 23. e4 d4 24. Rg5 Rfe8 25. Rdg1 g6 26. Rc5 Kf8 27. Rc4 Ke7
28. Rxd4 f6 29. Rc4 Kd6 30. Rd1 Kc7 31. h4 Be6 32. Rc3 Rad8 33. Be2 Kb6 34. Bf3
Rxd1+ 35. Kxd1 Rd8+ 36. Ke2 c5 37. Ke3 h6 38. Rd3 Rxd3+ 39. Kxd3 g5 40. hxg5
hxg5 41. f5 Bd7 42. Bg4 Kc7 43. e5 fxe5 44. f6 Be8 45. Be6 Bg6+ 46. Kc4 Kd6 47.
f7 Ke7 48. Kxc5 Bxc2 49. b4 axb4 50. Kxb4 Bxa4 51. Kxa4 g4 52. Bxg4 1/2-1/2

[Event "Andranik Margaryan Mem"]
[Site "Yerevan ARM"]
[Date "2018.01.13"]
[Round "5.5"]
[White "Jarmula, Lukasz"]
[Black "Hayrapetyan, Hovik"]
[Result "1-0"]
[WhiteTitle "IM"]
[BlackTitle "GM"]
[WhiteElo "2468"]
[BlackElo "2483"]
[WhiteFideId "1160664"]
[BlackFideId "13302639"]
[EventDate "2018.01.09"]

1. e4 c5 2. Nf3 e6 3. d4 cxd4 4. Nxd4 a6 5. Nc3 Qc7 6. Bd3 Nc6 7. Nxc6 bxc6 8.
O-O d5 9. Re1 Bb7 10. Qf3 d4 11. Nb1 Bd6 12. Qh3 Ne7 13. Nd2 Ng6 14. Nc4 Be7 15.
Bd2 c5 16. Qg3 e5 17. Ba5 Qb8 18. c3 Bh4 19. Qf3 O-O 20. Nb6 f5 21. Nd7 fxe4 22.
Bc4+ Kh8 23. Qxf8+ Qxf8 24. Nxf8 Rxf8 25. g3 Bg5 26. Bb6 Rc8 27. Bf1 e3 28. Bh3
Rc6 29. Ba7 exf2+ 30. Kxf2 Rc7 31. Kg1 Bd5 32. Bb6 Rc6 33. Ba5 e4 34. Bg2 Re6
35. Rad1 Bf6 36. b4 Ne5 37. bxc5 Nc4 38. Bb6 d3 39. Bh3 Re8 40. Rxd3 Bc6 41. Bd7
Rf8 42. Rdd1 Ba8 43. Bc7 Bxc3 44. Re2 e3 45. c6 Bd2 46. Rf1 1-0

[Event "Andranik Margaryan Mem"]
[Site "Yerevan ARM"]
[Date "2018.01.14"]
[Round "6.1"]
[White "Moiseenko, Vadim"]
[Black "Hayrapetyan, Hovik"]
[Result "1-0"]
[WhiteTitle "IM"]
[BlackTitle "GM"]
[WhiteElo "2554"]
[BlackElo "2483"]
[WhiteFideId "4123700"]
[BlackFideId "13302639"]
[EventDate "2018.01.09"]

1. e4 c5 2. Nf3 e6 3. d4 cxd4 4. Nxd4 a6 5. Nc3 Qc7 6. Bd3 Nc6 7. Nxc6 bxc6 8.
O-O d5 9. Re1 Bb7 10. Qf3 Bd6 11. h4 Nf6 12. h5 h6 13. b3 Bb4 14. Bd2 Qa5 15.
exd5 Bxc3 16. Bxc3 Qxc3 17. dxe6 O-O-O 18. exf7 Qc5 19. Bg6 Qd5 20. Qf4 Rhf8 21.
Rad1 Qxd1 22. Bf5+ Qd7 23. Re7 c5 24. Qd6 1-0

[Event "Andranik Margaryan Mem"]
[Site "Yerevan ARM"]
[Date "2018.01.14"]
[Round "6.2"]
[White "Mikaelyan, Arman"]
[Black "Jarmula, Lukasz"]
[Result "0-1"]
[WhiteTitle "GM"]
[BlackTitle "IM"]
[WhiteElo "2495"]
[BlackElo "2468"]
[WhiteFideId "13304852"]
[BlackFideId "1160664"]
[EventDate "2018.01.09"]

1. e4 e6 2. d4 d5 3. Nc3 Bb4 4. Ne2 Nc6 5. a3 Bxc3+ 6. Nxc3 dxe4 7. Bb5 Ne7 8.
Be3 O-O 9. Qd2 a6 10. Bxc6 Nxc6 11. O-O-O b6 12. h4 Bb7 13. h5 Ne7 14. h6 g6 15.
Bf4 f6 16. Rhe1 g5 17. Bh2 Nf5 18. Nxe4 Nxh6 19. f4 g4 20. f5 Nxf5 21. Qf4 Ng7
22. d5 exd5 23. Qh6 Nf5 24. Qf4 Ng7 25. Bg3 f5 26. Nc3 Nh5 27. Qe5 Nxg3 28. Qxg3
Qg5+ 29. Kb1 f4 30. Qd3 Rad8 31. Ne2 c5 32. g3 fxg3 33. Qxg3 d4 34. Qc7 Bf3 35.
Qxb6 Rde8 36. Qxa6 Rf6 37. Qc4+ Bd5 38. Qd3 Rf3 39. Qb5 Rfe3 40. Rd2 Bf3 41. a4
Qe5 42. Qc4+ Kg7 0-1

[Event "Andranik Margaryan Mem"]
[Site "Yerevan ARM"]
[Date "2018.01.14"]
[Round "6.3"]
[White "Maghsoodloo, Parham"]
[Black "Vetoshko, Volodymyr"]
[Result "1-0"]
[WhiteTitle "GM"]
[BlackTitle "GM"]
[WhiteElo "2572"]
[BlackElo "2534"]
[WhiteFideId "12539929"]
[BlackFideId "14122480"]
[EventDate "2018.01.09"]

1. Nf3 Nf6 2. g3 b5 3. Bg2 Bb7 4. Na3 a6 5. c4 b4 6. Nc2 c5 7. O-O e6 8. d4 cxd4
9. Nfxd4 Bxg2 10. Kxg2 Qc7 11. Qd3 Nc6 12. Nxc6 Qxc6+ 13. Qf3 Qxf3+ 14. Kxf3 Rc8
15. b3 d5 16. Ne3 Bc5 17. cxd5 Bd4 18. Rb1 Bxe3 19. Bxe3 Nxd5 20. Rbc1 Kd7 21.
Bd4 f6 22. e4 Rxc1 23. Rxc1 Ne7 24. Bb6 Rb8 25. Bc5 Ng6 26. Ke2 Rb5 27. f4 Ne7
28. Rd1+ Ke8 29. Be3 Ra5 30. Rd8+ Kf7 31. Rd2 f5 32. exf5 exf5 33. Kd3 Nc6 34.
Kc4 Rb5 35. Rd6 Na5+ 36. Kd3 Nb7 37. Rxa6 Nc5+ 38. Kc4 1-0

[Event "Andranik Margaryan Mem"]
[Site "Yerevan ARM"]
[Date "2018.01.14"]
[Round "6.4"]
[White "Morozov, Nichita"]
[Black "Minasian, Artashes"]
[Result "0-1"]
[WhiteTitle "IM"]
[BlackTitle "GM"]
[WhiteElo "2449"]
[BlackElo "2484"]
[WhiteFideId "13900897"]
[BlackFideId "13300040"]
[EventDate "2018.01.09"]

1. d4 Nf6 2. c4 c5 3. d5 b5 4. Nd2 d6 5. e4 g6 6. b3 Bg7 7. Bb2 O-O 8. Ngf3 Qa5
9. e5 Ng4 10. Qc2 Bf5 11. Qc1 Nd7 12. Nh4 Bxe5 13. Nxf5 gxf5 14. Bxe5 dxe5 15.
Be2 bxc4 16. bxc4 Ngf6 17. O-O Kh8 18. Qc2 f4 19. Bd3 Rab8 20. Bf5 Rg8 21. a3
Rg7 22. Nf3 e6 23. dxe6 fxe6 24. Be4 Rbg8 25. g3 Ng4 26. Qd2 Qc7 27. Qc3 Ndf6
28. Rae1 Nxh2 29. Kxh2 fxg3+ 30. fxg3 Rxg3 31. Qxe5 R3g5 0-1

[Event "Andranik Margaryan Mem"]
[Site "Yerevan ARM"]
[Date "2018.01.14"]
[Round "6.5"]
[White "Sychev, Klementy"]
[Black "Hakobyan, Aram"]
[Result "1/2-1/2"]
[WhiteTitle "IM"]
[BlackTitle "IM"]
[WhiteElo "2510"]
[BlackElo "2479"]
[WhiteFideId "4114060"]
[BlackFideId "13306677"]
[EventDate "2018.01.09"]

1. e4 e5 2. Nf3 Nc6 3. Bb5 Nf6 4. d3 Bc5 5. Bxc6 dxc6 6. Nc3 Bg4 7. h3 Bxf3 8.
Qxf3 Nd7 9. Be3 Bxe3 10. fxe3 Qh4+ 11. Qf2 Qxf2+ 12. Kxf2 h5 13. Raf1 Ke7 14.
Ke1 Rh6 15. Rf3 Rf6 16. Ne2 c5 17. Rhf1 g6 18. Kd2 Rf8 19. a3 Rd6 20. b3 f6 21.
Nc3 c6 22. Ke2 a5 23. Rg3 Kf7 24. Rb1 Ra8 25. Rf3 Ke6 26. Rbf1 Rh8 27. Nb1 Ke7
28. Nd2 Re6 29. Nc4 Ra8 30. a4 b5 31. Nd2 Nb6 32. Ra1 Rd6 33. Ra3 Ke6 34. Rf1
Rd7 35. Rfa1 Rda7 36. R3a2 Kd6 37. Rf1 Ke6 38. Rfa1 Kd6 39. h4 Ke6 40. Nb1 Nc8
41. Nd2 1/2-1/2

[Event "Andranik Margaryan Mem"]
[Site "Yerevan ARM"]
[Date "2018.01.15"]
[Round "7.1"]
[White "Hakobyan, Aram"]
[Black "Moiseenko, Vadim"]
[Result "1/2-1/2"]
[WhiteTitle "IM"]
[BlackTitle "IM"]
[WhiteElo "2479"]
[BlackElo "2554"]
[WhiteFideId "13306677"]
[BlackFideId "4123700"]
[EventDate "2018.01.09"]

1. d4 Nf6 2. c4 g6 3. Nc3 Bg7 4. e4 d6 5. Be2 O-O 6. Nf3 e5 7. O-O Na6 8. Be3 c6
9. d5 Ng4 10. Bg5 f6 11. Bh4 c5 12. h3 Nh6 13. Ne1 g5 14. Bg3 f5 15. exf5 Bxf5
16. Nc2 Bxc2 17. Qxc2 Nf5 18. a3 b6 19. Bg4 Nd4 20. Qa4 Nc7 21. b4 Ne8 22. bxc5
dxc5 23. Rae1 Qe7 24. Nb5 Kh8 25. Nxd4 cxd4 26. Qc6 Nd6 27. c5 bxc5 28. Qxc5
Rad8 29. Qxd4 Nf5 30. Bxf5 exd4 31. Rxe7 Rxf5 32. d6 Bf8 33. Re4 Bxd6 34. Rxd4
Bc7 35. Rxd8+ Bxd8 36. Re1 Kg7 37. Re5 Kf6 38. Re4 Bb6 39. h4 h6 40. Rc4 Kg6 41.
Kf1 Rb5 42. a4 Rb2 43. Kg1 Ra2 44. Kf1 Ra1+ 45. Ke2 Ra2+ 46. Kf1 Ra1+ 47. Ke2
Ra2+ 48. Kf1 Ra1+ 1/2-1/2

[Event "Andranik Margaryan Mem"]
[Site "Yerevan ARM"]
[Date "2018.01.15"]
[Round "7.2"]
[White "Minasian, Artashes"]
[Black "Sychev, Klementy"]
[Result "0-1"]
[WhiteTitle "GM"]
[BlackTitle "IM"]
[WhiteElo "2484"]
[BlackElo "2510"]
[WhiteFideId "13300040"]
[BlackFideId "4114060"]
[EventDate "2018.01.09"]

1. g3 d5 2. Nf3 g6 3. Bg2 Bg7 4. O-O Nf6 5. d3 O-O 6. Nbd2 c5 7. e4 Nc6 8. c3 e5
9. Re1 Re8 10. a3 h6 11. b4 c4 12. b5 Na5 13. d4 Bg4 14. Qc2 Bxf3 15. Nxf3 Nb3
16. Rb1 exd4 17. Nxd4 Nc5 18. e5 Nd3 19. Re2 Nxe5 20. h3 Nd3 21. Rxe8+ Qxe8 22.
Be3 Ne4 23. Ne2 Qe7 24. a4 h5 25. a5 Qa3 26. b6 a6 27. Nf4 Nxc3 28. Rf1 Qxa5 29.
Nxd3 cxd3 30. Qxd3 d4 31. Bf4 Qxb6 32. Re1 Qb4 33. Bg5 Qb5 34. Qd2 Re8 35. Rxe8+
Qxe8 36. Bxb7 a5 37. Ba6 a4 38. Bc4 Qc6 39. Qd3 a3 40. Bc1 a2 41. Bb2 Qb6 42.
Qd2 a1=Q+ 0-1

[Event "Andranik Margaryan Mem"]
[Site "Yerevan ARM"]
[Date "2018.01.15"]
[Round "7.3"]
[White "Vetoshko, Volodymyr"]
[Black "Morozov, Nichita"]
[Result "1/2-1/2"]
[WhiteTitle "GM"]
[BlackTitle "IM"]
[WhiteElo "2534"]
[BlackElo "2449"]
[WhiteFideId "14122480"]
[BlackFideId "13900897"]
[EventDate "2018.01.09"]

1. e4 c6 2. d4 d5 3. e5 Bf5 4. Nd2 e6 5. Nb3 Nd7 6. Nf3 c5 7. dxc5 Bxc5 8. Nxc5
Qa5+ 9. c3 Qxc5 10. Nd4 Ne7 11. Be3 Qc7 12. f4 a6 13. Be2 Be4 14. O-O O-O 15. g4
Nc6 16. Nb3 h6 17. Qd2 Rad8 18. Nc5 Bh7 19. Nb3 Be4 20. Rae1 f6 21. exf6 Rxf6
22. g5 hxg5 23. fxg5 Rxf1+ 24. Rxf1 Rf8 25. Qe1 Rxf1+ 26. Qxf1 Qe5 27. Qf4 Qxf4
28. Bxf4 Bb1 29. a3 Bc2 30. Nd4 Nxd4 31. cxd4 Nb6 32. Kf2 Nc4 33. Bxc4 1/2-1/2

[Event "Andranik Margaryan Mem"]
[Site "Yerevan ARM"]
[Date "2018.01.15"]
[Round "7.4"]
[White "Jarmula, Lukasz"]
[Black "Maghsoodloo, Parham"]
[Result "0-1"]
[WhiteTitle "IM"]
[BlackTitle "GM"]
[WhiteElo "2468"]
[BlackElo "2572"]
[WhiteFideId "1160664"]
[BlackFideId "12539929"]
[EventDate "2018.01.09"]

1. e4 c5 2. Nf3 Nc6 3. d4 cxd4 4. Nxd4 Nf6 5. Nc3 d6 6. Bg5 e6 7. Qd2 a6 8.
O-O-O h6 9. Nxc6 bxc6 10. Bf4 d5 11. Qe3 Bb4 12. Be2 O-O 13. e5 Nd7 14. Qg3 Kh8
15. Qh3 Bxc3 16. Qxc3 Qb6 17. Qh3 Rb8 18. b3 Qc7 19. Bxh6 Nxe5 20. Bf4+ Kg8 21.
Qg3 f6 22. Rhe1 Rb4 23. Kb1 Qe7 24. Bh5 Rxf4 25. Qxf4 Nf7 26. Qa4 Qd6 27. f4 e5
28. Rf1 Be6 29. Qxa6 e4 30. Qa4 f5 31. g4 c5 32. gxf5 Bxf5 33. Bxf7+ Kxf7 34.
Qa7+ Kf6 35. Rg1 Rf7 36. Qa8 d4 37. Qe8 Rf8 38. Qe5+ Qxe5 39. fxe5+ Kf7 40. Kc1
g6 41. b4 Ke6 42. bxc5 Kxe5 43. Rg3 Rc8 44. Rb3 Rxc5 45. c3 dxc3 46. Rb4 Kf4 47.
Rf1+ Ke3 48. Rg1 Kf2 49. Rg3 e3 50. Rf4+ Ke2 51. Rff3 Re5 52. a4 Kd3 53. a5 Kd4
54. Rf4+ Be4 55. Rf1 e2 56. Re1 Rxa5 0-1

[Event "Andranik Margaryan Mem"]
[Site "Yerevan ARM"]
[Date "2018.01.15"]
[Round "7.5"]
[White "Hayrapetyan, Hovik"]
[Black "Mikaelyan, Arman"]
[Result "0-1"]
[WhiteTitle "GM"]
[BlackTitle "GM"]
[WhiteElo "2483"]
[BlackElo "2495"]
[WhiteFideId "13302639"]
[BlackFideId "13304852"]
[EventDate "2018.01.09"]

1. Nf3 Nf6 2. g3 g6 3. Bg2 Bg7 4. c4 O-O 5. O-O c6 6. d4 d5 7. cxd5 cxd5 8. Ne5
e6 9. Nc3 Nfd7 10. Nf3 Nc6 11. e3 b6 12. e4 dxe4 13. Nxe4 Ne7 14. b3 Bb7 15. Nd6
Bd5 16. Ba3 Nf6 17. Rc1 a6 18. Ne5 Ra7 19. Bxd5 Nfxd5 20. Qe2 b5 21. Bc5 Rc7 22.
Nexf7 Rxf7 23. Qxe6 Qf8 24. Nxf7 Qxf7 25. Qxa6 b4 26. Rfe1 h5 27. Rc4 Kh7 28.
Bd6 Rd7 29. Be5 h4 30. Re4 Nf5 31. Bxg7 Kxg7 32. Qe6 Nd6 33. Qe5+ Nf6 34. Rxh4
Nxc4 35. bxc4 Qxc4 36. Rf4 Qc1+ 37. Kg2 Qc6+ 38. Kh3 Qd6 39. Kh4 Qf8 40. g4 Re7
41. Qb5 Qe8 42. Qxe8 Rxe8 43. Rf3 Ne4 44. g5 Rd8 0-1

[Event "Andranik Margaryan Mem"]
[Site "Yerevan ARM"]
[Date "2018.01.16"]
[Round "8.1"]
[White "Moiseenko, Vadim"]
[Black "Mikaelyan, Arman"]
[Result "1-0"]
[WhiteTitle "IM"]
[BlackTitle "GM"]
[WhiteElo "2554"]
[BlackElo "2495"]
[WhiteFideId "4123700"]
[BlackFideId "13304852"]
[EventDate "2018.01.09"]

1. e4 e5 2. Nf3 Nc6 3. Bb5 a6 4. Ba4 Nf6 5. O-O Be7 6. Re1 b5 7. Bb3 d6 8. c3
O-O 9. h3 Bb7 10. d4 Re8 11. Ng5 Rf8 12. Nf3 Re8 13. a4 h6 14. Nbd2 Bf8 15. Bc2
Qd7 16. d5 Ne7 17. b3 c6 18. c4 b4 19. dxc6 Bxc6 20. Nf1 Qb7 21. Ng3 Nd7 22. Be3
Rad8 23. a5 Nc5 24. Qd2 Rd7 25. Rad1 Ng6 26. h4 Nxe4 27. Bxe4 Bxe4 28. Nxe4 Qxe4
29. Bxh6 Qg4 30. Bg5 f6 31. Be3 e4 32. Qd5+ Rf7 33. Nh2 Qxh4 34. Qf5 Qh7 35. Ng4
Nh4 36. Qxh7+ Kxh7 37. Bf4 f5 38. Ne3 Re6 39. Bg5 Ng6 40. Nd5 Ne5 41. Bd2 Nd3
42. Re3 Rb7 43. Rxd3 exd3 44. Be3 Be7 45. Bb6 Bf6 46. Rxd3 g5 47. g3 Kg6 48. Kg2
Bc3 49. Nc7 Rxc7 50. Bxc7 Be5 51. Rd5 Kf6 52. Bd8+ Kg6 53. Bb6 Kf6 54. Bc7 g4
55. Bd8+ Kf7 56. Bc7 Rh6 57. c5 Ke6 58. Rd1 Kd7 59. Bxd6 Bxd6 60. Rd4 Re6 61.
Kf1 Kc7 62. cxd6+ Rxd6 63. Rxb4 Rd5 64. Rc4+ Kd6 65. b4 Rd1+ 66. Ke2 Rb1 67. Rf4
Ke5 68. Kd3 Rd1+ 69. Kc4 Rc1+ 70. Kb3 Rb1+ 71. Kc2 Ra1 72. Kb2 Rd1 73. Rc4 Rf1
74. Rc2 Rd1 75. Kb3 Rb1+ 76. Kc4 Ke4 77. Rc3 f4 78. gxf4 Kxf4 79. Rc2 Kf3 80.
Kc5 Rb3 81. Rc4 Rb2 82. Kb6 Rxf2 83. Kxa6 g3 84. Rc3+ Kf4 85. Rxg3 Kxg3 86. b5
Kf4 87. b6 Ke5 88. b7 1-0

[Event "Andranik Margaryan Mem"]
[Site "Yerevan ARM"]
[Date "2018.01.16"]
[Round "8.2"]
[White "Maghsoodloo, Parham"]
[Black "Hayrapetyan, Hovik"]
[Result "0-1"]
[WhiteTitle "GM"]
[BlackTitle "GM"]
[WhiteElo "2572"]
[BlackElo "2483"]
[WhiteFideId "12539929"]
[BlackFideId "13302639"]
[EventDate "2018.01.09"]

1. c4 e6 2. Nc3 d5 3. cxd5 exd5 4. d4 c6 5. g3 Nf6 6. Bg2 Bd6 7. Nh3 O-O 8. O-O
Re8 9. Nf4 Bf5 10. Re1 Nbd7 11. Nd3 Ne4 12. Bf4 Bxf4 13. Nxf4 Nxc3 14. bxc3 Nb6
15. e3 Nc4 16. Bf1 Nd6 17. a4 Qf6 18. Rc1 g5 19. Nd3 Nc4 20. Ra1 Re7 21. a5 Kg7
22. Ra2 Rae8 23. Nb2 Nd6 24. Na4 h5 25. Nc5 h4 26. g4 Bc8 27. h3 Qh6 28. Nd3 f5
29. Ne5 Nf7 30. Nxf7 Rxf7 31. gxf5 Bxf5 32. f3 Qe6 33. Rh2 Qd6 34. Qd2 Bg6 35.
e4 Rxf3 36. e5 Qa3 37. Re3 Ref8 38. Rxf3 Rxf3 39. Rg2 Qa1 40. Rf2 Rxh3 41. Qb2
Rg3+ 42. Kh2 Qxb2 43. Rxb2 b5 44. axb6 axb6 45. Rxb6 Rxc3 46. Bh3 Be4 47. Bd7
Rc1 0-1

[Event "Andranik Margaryan Mem"]
[Site "Yerevan ARM"]
[Date "2018.01.16"]
[Round "8.3"]
[White "Morozov, Nichita"]
[Black "Jarmula, Lukasz"]
[Result "1/2-1/2"]
[WhiteTitle "IM"]
[BlackTitle "IM"]
[WhiteElo "2449"]
[BlackElo "2468"]
[WhiteFideId "13900897"]
[BlackFideId "1160664"]
[EventDate "2018.01.09"]

1. d4 d5 2. c4 e6 3. Nf3 Nf6 4. g3 Bb4+ 5. Bd2 Be7 6. Bg2 c6 7. Qc2 b6 8. Nc3
Ba6 9. b3 Nbd7 10. O-O Rc8 11. e4 dxc4 12. Rfd1 O-O 13. Bf4 h6 14. h4 Qe8 15.
Nd2 e5 16. Bxe5 Nxe5 17. dxe5 Ng4 18. Bh3 h5 19. Nxc4 Bxc4 20. bxc4 Bc5 21. Bxg4
hxg4 22. Na4 Qxe5 23. Nxc5 bxc5 24. Qd3 Rce8 25. Qd6 Qxd6 26. Rxd6 Rxe4 27. Rc1
Rc8 28. Rd7 Rce8 1/2-1/2

[Event "Andranik Margaryan Mem"]
[Site "Yerevan ARM"]
[Date "2018.01.16"]
[Round "8.4"]
[White "Sychev, Klementy"]
[Black "Vetoshko, Volodymyr"]
[Result "1/2-1/2"]
[WhiteTitle "IM"]
[BlackTitle "GM"]
[WhiteElo "2510"]
[BlackElo "2534"]
[WhiteFideId "4114060"]
[BlackFideId "14122480"]
[EventDate "2018.01.09"]

1. e4 e5 2. Nf3 Nc6 3. Bb5 Nf6 4. O-O Nxe4 5. Re1 Nd6 6. Nxe5 Be7 7. Bf1 Nxe5 8.
Rxe5 O-O 9. d4 Bf6 10. Re1 Re8 11. c3 Rxe1 12. Qxe1 Ne8 13. Bf4 d5 14. Bd3 g6
15. Nd2 Ng7 16. Qe2 c6 17. Re1 Bf5 18. Bxf5 Nxf5 19. Nf3 Ng7 20. Be5 Ne6 21.
Bxf6 Qxf6 22. Ne5 Re8 23. Ng4 Qd8 24. Qe5 Ng7 25. Qxe8+ Nxe8 26. Rxe8+ Qxe8 27.
Nf6+ Kf8 28. Nxe8 Kxe8 29. f4 1/2-1/2

[Event "Andranik Margaryan Mem"]
[Site "Yerevan ARM"]
[Date "2018.01.16"]
[Round "8.5"]
[White "Hakobyan, Aram"]
[Black "Minasian, Artashes"]
[Result "1-0"]
[WhiteTitle "IM"]
[BlackTitle "GM"]
[WhiteElo "2479"]
[BlackElo "2484"]
[WhiteFideId "13306677"]
[BlackFideId "13300040"]
[EventDate "2018.01.09"]

1. Nf3 c5 2. e4 Nc6 3. Nc3 e5 4. Bc4 Be7 5. d3 Nf6 6. Ng5 O-O 7. f4 a6 8. O-O b5
9. Bxf7+ Rxf7 10. Nxf7 Kxf7 11. fxe5 Nxe5 12. Qh5+ Kg8 13. Qxe5 d6 14. Qg3 Be6
15. Bg5 b4 16. Nd5 Nxd5 17. exd5 Bxd5 18. Bxe7 Qxe7 19. Rae1 Qd7 20. Qg5 Be6 21.
Re3 h6 22. Qh4 Re8 23. Rfe1 a5 24. d4 1-0

[Event "Andranik Margaryan Mem"]
[Site "Yerevan ARM"]
[Date "2018.01.17"]
[Round "9.3"]
[White "Jarmula, Lukasz"]
[Black "Sychev, Klementy"]
[Result "1/2-1/2"]
[WhiteTitle "IM"]
[BlackTitle "IM"]
[WhiteElo "2468"]
[BlackElo "2510"]
[WhiteFideId "1160664"]
[BlackFideId "4114060"]
[EventDate "2018.01.09"]

1. d4 d5 2. c4 c6 3. cxd5 cxd5 4. Bf4 Nc6 5. e3 Nf6 6. Nc3 Bf5 7. Nf3 e6 8. Bd3
Bxd3 9. Qxd3 Bd6 10. Bxd6 Qxd6 11. O-O O-O 12. Rac1 Rac8 13. a3 Ne7 1/2-1/2

[Event "Andranik Margaryan Mem"]
[Site "Yerevan ARM"]
[Date "2018.01.17"]
[Round "9.4"]
[White "Hayrapetyan, Hovik"]
[Black "Morozov, Nichita"]
[Result "1/2-1/2"]
[WhiteTitle "GM"]
[BlackTitle "IM"]
[WhiteElo "2483"]
[BlackElo "2449"]
[WhiteFideId "13302639"]
[BlackFideId "13900897"]
[EventDate "2018.01.09"]

1. Nf3 Nf6 2. c4 e6 3. e3 d5 4. b3 Bd6 5. Bb2 O-O 6. Be2 b6 7. O-O Bb7 8. Nc3 a6
9. Qc2 Nbd7 10. Rac1 Qe7 11. Qb1 c6 12. d4 c5 13. cxd5 exd5 14. Rfd1 Rfe8 15.
dxc5 bxc5 16. Qf5 Qe6 17. Qxe6 fxe6 18. Ne1 1/2-1/2

[Event "Andranik Margaryan Mem"]
[Site "Yerevan ARM"]
[Date "2018.01.17"]
[Round "9.5"]
[White "Mikaelyan, Arman"]
[Black "Maghsoodloo, Parham"]
[Result "1/2-1/2"]
[WhiteTitle "GM"]
[BlackTitle "GM"]
[WhiteElo "2495"]
[BlackElo "2572"]
[WhiteFideId "13304852"]
[BlackFideId "12539929"]
[EventDate "2018.01.09"]

1. d4 f5 2. Bf4 Nf6 3. e3 e6 4. Be2 Nc6 5. Nf3 b6 6. O-O Bb7 7. c4 Ne7 8. Nc3
Ng6 9. Ne5 Nxf4 10. exf4 Bb4 11. Bh5+ g6 12. Bf3 Bxf3 13. Qxf3 O-O 14. Rad1 Re8
15. d5 Bxc3 16. Qxc3 Ne4 17. Qc2 d6 18. Nc6 Qd7 19. b4 a5 20. f3 Nf6 21. bxa5
exd5 22. cxd5 bxa5 23. Rd3 Qf7 24. Rfd1 Nd7 25. Ra3 Nb6 26. Qd3 a4 27. Rc3 Nd7
28. Kf2 Nc5 29. Qd4 a3 30. Re3 Qg7 31. Qxg7+ Kxg7 32. Rde1 Rxe3 33. Rxe3 Kf8 34.
Re7 Ra4 35. Rxc7 Nd3+ 36. Kg3 Nxf4 37. Nd8 Nxd5 38. Ne6+ Ke8 39. Ng7+ Kf8 40.
Ne6+ Ke8 1/2-1/2